00348pab a2200133 454500008004000000100002000040245004500060260000900105300001300114362001100127650002500138650001700163773003400180180718b2010 xxu||||| |||| 00| 0 eng d aSvedberg, Peter aEstimates of child malnutrition in India c2010 ap.14-18. a20 Mar aMalnutrition - India aMalnutrition aEconomic and Political Weekly